Rap Albums Artist Quiz - Statistics

General Stats
  • This quiz has been taken 373 times
  • The average score is 20 of 32
Answer Stats
Hint Answer % Correct
Utopia Travis Scott
98%
The Slim Shady LP Eminem
95%
Chromokopia Tyler, The Creator
94%
Donda Kanye West
93%
For All The Dogs Drake
92%
GNX Kendrick Lamar
92%
? XXXTentacion
86%
4:44 Jay-Z
83%
Eternal Atake 2 Lil Uzi Vert
81%
I Am > I Was 21 Savage
77%
The Party Never Ends Juice Wrld
73%
DS2 Future
72%
Hardstone Pyscho Don Toliver
70%
Baby on Baby Dababy
64%
We the Best DJ Khaled
61%
_________ Man on the Moon: The End of Day Kid Cudi
61%
Harder Than Ever Lil Baby
61%
One of One Gunna
59%
Born Sinner J.cole
59%
Pink Friday 2 Nicki Minaj
59%
Swimming Mac Miller
56%
Jeffery Young Thug
56%
Testing A$AP Rocky
55%
Y2K! Ice Spice
41%
Lets Start Here Lil Yachty
41%
Hood Poet Polo G
37%
Plan A Lil Tecca
36%
Hoodie SZN A Boogie Wiit Da Hoodie
34%
The Biggest BigXthaplug
32%
Glorious GloRilla
30%
Jackman. Jack Harlow
29%
23 Central Cee
12%
No matching quizzes found
Score Distribution
Percent of People with Each Score
Percentile by Number Answered
Your Score History
You have not taken this quiz